FUNDAMENTALS OF PARALLEL PROCESSING (Record no. 23181)

000 -LEADER
fixed length control field 00294nam a22001217a 4500
008 - FIXED-LENGTH DATA ELEMENTS--GENERAL INFORMATION
fixed length control field 150522b xxu||||| |||| 00| 0 eng d
020 ## - INTERNATIONAL STANDARD BOOK NUMBER
International Standard Book Number 8131711404
082 ## - DEWEY DECIMAL CLASSIFICATION NUMBER
Classification number 004.35
100 ## - MAIN ENTRY--PERSONAL NAME
Personal name JORDAN, HARRY F.
245 ## - TITLE STATEMENT
Title FUNDAMENTALS OF PARALLEL PROCESSING
260 ## - PUBLICATION, DISTRIBUTION, ETC.
Place of publication, distribution, etc. INDIA
Name of publisher, distributor, etc. PEARSON
Date of publication, distribution, etc. 2003
942 ## - ADDED ENTRY ELEMENTS (KOHA)
Koha item type Book
Holdings
Withdrawn status Lost status Damaged status Not for loan Collection code Permanent Location Current Location Shelving location Date acquired Source of acquisition Cost, normal purchase price Full call number Barcode Date last seen Price effective from Koha item type Total Checkouts Date last checked out
          NUST Baluchistan Campus (NBC) NUST Baluchistan Campus (NBC) General Stacks 03/05/2013 Purchase 419.00 004.35JOR RCMS001491 03/05/2013 01/05/2017 Book    
          NUST Baluchistan Campus (NBC) NUST Baluchistan Campus (NBC) General Stacks 04/11/2013 Purchase 419.00 004.35JOR RCMS000061 01/26/2015 04/11/2013 Book 1 12/12/2014
          School of Interdisciplinary Engineering and Sciences (SINES) School of Interdisciplinary Engineering and Sciences (SINES) General Stacks 03/05/2013 Purchase 419.00 004.35JOR RCMS001492 03/05/2013 01/05/2017 Book    
© 2023 Central Library, National University of Sciences and Technology. All Rights Reserved.